000 00574nam a2200229Ia 4500
008 101110s9999 xx 000 0 und d
041 _aENGLISH
082 _bSR33942
100 _aSharma G.P.
245 _aDiscrete mathematics
260 _c2010
_bArise publishers & distributors, New Delhi
300 _a288
365 _b850
520 _aMathematics
520 _aUGC Marge Scheme 2009-2010
546 _aENGLISH
630 _aDiscrete mathematics
650 _aMathematics
655 _aMathematics
730 _aDiscrete mathematics
942 _cBOOK
999 _c826443
_d826440